UBT Library

American government and politics today : (Record no. 41586)

000 -LEADER
fixed length control field 00874cam a22002775a 4500
001 - CONTROL NUMBER
control field 15883069
005 - DATE AND TIME OF LATEST TRANSACTION
control field 20180202041149.0
008 - FIXED-LENGTH DATA ELEMENTS--GENERAL INFORMATION
fixed length control field 090827s2011 mauab b 001 0 eng d
010 ## - LIBRARY OF CONGRESS CONTROL NUMBER
LC control number 2009935789
020 ## - INTERNATIONAL STANDARD BOOK NUMBER
International Standard Book Number 9780495797135 (student ed. : pbk.)
020 ## - INTERNATIONAL STANDARD BOOK NUMBER
International Standard Book Number 0495797138 (student ed. : pbk.)
035 ## - SYSTEM CONTROL NUMBER
System control number (OCoLC)ocn430053473
040 ## - CATALOGING SOURCE
Original cataloging agency BTCTA
Transcribing agency BTCTA
Modifying agency IEF
-- YDXCP
-- VXX
-- DLC
041 ## - LANGUAGE CODE
Language code of text/sound track or separate title eng
042 ## - AUTHENTICATION CODE
Authentication code lccopycat
043 ## - GEOGRAPHIC AREA CODE
Geographic area code n-us---
080 ## - UNIVERSAL DECIMAL CLASSIFICATION NUMBER
Universal Decimal Classification number 320.973 ste
082 04 - DEWEY DECIMAL CLASSIFICATION NUMBER
Classification number 320.973 ste
Edition number 22
100 1# - Rafti
Rafti 20
101 ## - Shkurtesa
Shkurtesa pol
245 10 - TITLE STATEMENT
Title American government and politics today :
Statement of responsibility, etc Steffen W. Schmidt, Mack C. Shelley II, Barbara A. Bardes.
504 ## - BIBLIOGRAPHY, ETC. NOTE
Bibliography, etc Includes bibliographical references and index.
906 ## - LOCAL DATA ELEMENT F, LDF (RLIN)
a 0
b ibc
c copycat
d 2
e ncip
f 20
g y-gencatlg
942 ## - ADDED ENTRY ELEMENTS (KOHA)
Source of classification or shelving scheme
Item type Books
Holdings
Withdrawn status Lost status Source of classification or shelving scheme Damaged status Not for loan Collection code Permanent location Current location Shelving location Date acquired Total Checkouts Full call number Barcode Date last seen Price effective from Koha item type
          Koleksioni i përgjithshem UBT - Lipjan UBT - Lipjan Koleksioni i përgjithshem 02/02/2018   320.973 ste 002-2997530 02/02/2018 02/02/2018 Books
UBT Library © 2015-2024. All rights reserved University Education for Business and Technology